The Ayatollahs' democracy : an Iranian challenge

Bibliographic Details
Main Author: Majd, Hooman
Format: Book
Published: NY : W.W.Norton & Company , 2010
Subjects:

MARC

LEADER 00000cam a2200000 7i4500
001 0000031184
005 20111011.0
008 111011
020 |a 0393072594 
090 0 0 |a 955.054   |b MAJ 
100 1 |a Majd, Hooman 
245 1 4 |a The Ayatollahs' democracy :   |b an Iranian challenge   |c Hooman Majd 
260 |a NY :   |b W.W.Norton & Company ,   |c 2010 
650 0 |a Democracy   |z Iran 
650 0 |a Iran   |x Politics and government 
650 0 |a Islam and politics 
999 |a 0001126047   |b Book   |c Adult Collection   |e Perbadanan Perpustakaan Awam Johor